Mamma Mia! Musical Film Trivia - Statistics

General Stats
  • This quiz has been taken 1,266 times
  • The average score is 10 of 15
Answer Stats
Hint Answer % Correct
Sophie's age during the film 20
98%
Name of band whose songs are throughout the film ABBA
93%
Year of films release 2008
90%
Actress who portrayed Sophie Amanda Seyfried
83%
Which character ends up marrying Donna at the end? Sam Carmichael
83%
Donna and the _______ Dynamos
81%
Name of sequel Here We Go Again
73%
Country of origin for the character of Bill Sweden
69%
First name of character played by Christine Baranski Tanya
69%
Surname of Sophie and Donna Sheridan
66%
Nickname given to Harry Bright (HB) Head Banger
58%
Song featured when the bachelors storm the bachelorette party Voulez Vous
57%
And which member of said band appears at the end as a Greek God? Bjorn Ulvaeus
40%
Name of Greek island from film Kalokairi
29%
Directors name Phyllida Lloyd
11%
No matching quizzes found
Score Distribution
Percent of People with Each Score
Percentile by Number Answered
Your Score History
You have not taken this quiz